| 000 | 00472nam a2200169 i 4500 | ||
|---|---|---|---|
| 001 | 134781 | ||
| 003 | ES-MaACL | ||
| 005 | 20230906194737.0 | ||
| 007 | t| | ||
| 008 | 070913s1970 sp ||||1| spa d | ||
| 100 | 1 |
_aWeiss, Peter. _9116409 |
|
| 245 | 1 | 0 |
_aPunto de fuga / _cPeter Weiss ; [traducción Mireia Bofill]. |
| 260 |
_aBarcelona : _bLumen, _c[1970] |
||
| 300 |
_a269 p. ; _c19 cm. |
||
| 700 | 1 |
_aBofill, Mireia. _929779 |
|
| 852 |
_aES-MaACL _jC-40545 _bR.73234 |
||
| 999 |
_c134781 _d134781 |
||